| 000 | 01406nam a2200373 4500 | ||
|---|---|---|---|
| 003 | EC-UNACH | ||
| 005 | 20260317103831.0 | ||
| 006 | s||||gr|||| 00| 00 | ||
| 008 | 150116t9999 mx r gr 000 0 spa d | ||
| 020 | _a978-958-20-1008-9 | ||
| 040 |
_aEC-UNACH _cEC-UNACH |
||
| 041 | _aEspañol | ||
| 082 | 0 | 4 |
_223 _a510.7 _bL018587 |
| 100 | _aD´Amore Bruno | ||
| 245 |
_aLa Didáctica y la Dificultad en Matemática _bAnálisis de situaciones con falta de aprendizaje |
||
| 250 |
_aTercera Edición _bReimpresión |
||
| 264 |
_aBogotá - Colombia _bEditorial Magisterio _c2010 |
||
| 300 |
_a206 páginas _bFiguras _c24 x 18 centímetros |
||
| 504 | _aIncluye Contenido, Prefacio, Premisa, Bibliografía, Los Autores | ||
| 505 | _a1. Dificultades en matemática y en su aprendizaje -- 2. Obstáculos en el Aprendizaje de la matemática -- 3. Imágenes, modelos y misconcepciones -- 4. El contrato didáctico | ||
| 650 | _aDIFICULTAD EN MATEMÁTICA | ||
| 650 | _aMISCONCEPCIONES | ||
| 650 | _aCONCEPTOS FIGURALES | ||
| 650 | _aGEOMETRÍA SIN VÍNCULOS ESPACIALES | ||
| 650 | _aPOSICIONES DE LOS OBJETOS MATEMÁTICOS | ||
| 700 |
_aFandiño P., Martha I. _eAutor |
||
| 700 | _aMarazzani Inés | ||
| 700 | _aSbaragli Silvia | ||
| 942 |
_2ddc _c1 |
||
| 999 | _c14413 | ||